Tennis masculin - Finales de l'Open d'Australie - Statistiques

Statistiques générales
  • Ce quiz a été pris 2 463 fois
    134 depuis la dernière actualisation
  • Le résultat moyen est 20 sur 58
Statistiques - réponses
Nombre de finales jouées Finaliste % Correct
11 Novak Djokovic
100%
6 Rafael Nadal
99%
1 Carlos Alcaraz
98%
2 Jannik Sinner
98%
7 Roger Federer
96%
1 Alexander Zverev
89%
1 Stanislas Wawrinka
89%
3 Daniil Medvedev
87%
5 Andy Murray
86%
4 Andre Agassi
77%
3 Pete Sampras
72%
1 Stéfanos Tsitsipás
69%
1 Dominic Thiem
68%
1 Marin Čilić
63%
1 Jo-Wilfried Tsonga
61%
4 Ivan Lendl
47%
2 Marat Safin
47%
2 Boris Becker
46%
1 Lleyton Hewitt
45%
1 Rod Laver
45%
2 Jimmy Connors
44%
2 Jim Courier
40%
4 Mats Wilander
40%
5 Stefan Edberg
35%
1 Carlos Moyà
34%
1 Michael Chang
32%
2 Arthur Ashe
30%
2 Ievgueni Kafelnikov
29%
3 John Newcombe
24%
1 Arnaud Clément
23%
1 Thomas Johansson
23%
1 Petr Korda
22%
3 Guillermo Vilas
21%
2 Pat Cash
18%
2 Ken Rosewall
16%
1 Fernando González
15%
1 Márcos Baghdatís
15%
1 Malcolm Anderson
14%
1 Marcelo Ríos
13%
1 Vitas Gerulaitis
12%
2 Johan Kriek
11%
1 Mark Edmondson
7%
1 Roscoe Tanner
7%
1 Todd Martin
7%
1 Brian Teacher
6%
1 Rainer Schüttler
6%
1 Thomas Enqvist
6%
1 Miloslav Mečíř
4%
1 Andrés Gimeno
3%
1 Kevin Curren
2%
1 John Lloyd
1%
1 John Sadri
1%
1 Kim Warwick
1%
1 Phil Dent
1%
1 Dick Crealy
0%
1 John Marks
0%
1 Onny Parun
0%
2 Steve Denton
0%
Aucun quiz correspondant
Distribution des résultats
% des personnes avec chaque résultat
Percentile par nombre de réponses
Votre historique - résultats
Vous n’avez pas pris ce quiz depuis la dernière actualisation